Cambridge handbook of psychology, health and medicine /

Bibliographic Details
Other Authors: Ayers, Susan( 1964-)
Format: Book
Published: Cambridge New York: Cambridge University Press, c2007.
Edition:2nd ed..
Subjects:
LEADER 00827cam a2200241 7i4500
001 0000025853
005 20151104090000.0
005 ##20151104131600.0
003 ##MY-KlINT
008 15110406s2007 enka eng d
020 # # |a 9780521605106  
020 # # |a 0521605105  
039 # 9 |y 201511041316  |z VLOAD 
090 0 0 |a E 616.001   |b CAM 
245 1 0 |a Cambridge handbook of psychology, health and medicine /   |c [edited by] Susan Ayers ... [et al.]. 
250 # # |a 2nd ed.. 
260 # # |a Cambridge  |a New York:   |b Cambridge University Press,   |c c2007. 
300 # # |a xxi, 946 p:   |b ill;   |c 29cm. 
504 # # |a Includes bibliographical references and index 
650 # 0 |a Behavioral Medicine --   |x Handbooks  
650 # 0 |a Medicine and psychology --   |x Handbooks, manuals, etc  
650 # 0 |a Psychology, Medical --   |x Handbooks  
700 0 # |a Ayers, Susan(  |d 1964-)